Introduction to semiconductor materials and devices
Salvato in:
| Autore principale: | |
|---|---|
| Natura: | Libro |
| Lingua: | inglese |
| Pubblicazione: |
Nueva York
John Wiley
1991
|
| Soggetti: | |
| Tags: |
Aggiungi Tag
Nessun Tag, puoi essere il primo ad aggiungerne!!
|
MARC
| LEADER | 00000nam a2200000 a 4500 | ||
|---|---|---|---|
| 001 | UCV6397 | ||
| 003 | CL-VaPUC | ||
| 008 | 920120e19910000US |||||||||||||||||eng|d | ||
| 020 | |a 0471517720 | ||
| 082 | 0 | 4 | |a 537.622 |b TYA |2 21 |
| 100 | 0 | |a Tyagi, Man S |e author |9 300586 | |
| 245 | 1 | 0 | |a Introduction to semiconductor materials and devices |
| 300 | |a 669 p | ||
| 942 | |c BK | ||
| 945 | |d 19920120 00:00:00 | ||
| 260 | |a Nueva York |b John Wiley |c 1991 | ||
| 650 | 0 | |a Semiconductores |9 260250 | |
| 583 | |a last modification |c 20171031 11:00:10 |k Rodrigo Vera | ||
| 999 | |c 212488 |d 212486 | ||
| 952 | |0 0 |1 0 |4 0 |6 537_622000000000000_TYA_1991 |7 0 |8 A |9 193519 |a BIBING |b BIBING |d 2019-11-14 |i 4101979 |o 537.622 TYA 1991 |p 4101979 |r 2025-01-20 |w 2019-11-14 |y BK |k EIE | ||